[Event "40. Offene Stadtmeisterschaft"]
[Site "Bergisch Gladbach"]
[Date "2018.09.21"]
[Round "4.4"]
[White "König, Linus"]
[Black "Thelen, Harm-Wulf"]
[Result "1/2-1/2"]
[WhiteElo "1629"]
[BlackElo "1916"]
[PlyCount "62"]
[EventRounds "7"]

1. d4 Nf6 2. Nf3 c5 3. e3 g6 4. Be2 Bg7 5. O-O Qc7 6. Nbd2 O-O 7. b3 d5 8. Bb2
cxd4 9. exd4 Nc6 10. a3 Ne4 11. c4 Nxd2 12. Qxd2 e6 13. cxd5 exd5 14. Rac1 Qb6
15. b4 a6 16. Rfe1 Bg4 17. Ne5 Nxe5 18. dxe5 Bxe2 19. Rxe2 Rad8 20. Rc5 Qe6 21.
Rc7 Rd7 22. Rxd7 Qxd7 23. Bd4 Re8 24. f4 Rc8 25. Bc5 Qe6 26. Qd4 f6 27. exf6
Qxe2 28. Qxd5+ Kh8 29. fxg7+ Kxg7 30. Qd7+ Kh6 31. Qh3+ Kg7 1/2-1/2

[Event "40. Offene Stadtmeisterschaft"]
[Site "Bergisch Gladbach"]
[Date "2018.09.21"]
[Round "4.5"]
[White "Türkkan, Nuh"]
[Black "Themm, Rainer"]
[Result "1/2-1/2"]
[WhiteElo "1802"]
[BlackElo "1873"]
[PlyCount "51"]
[EventRounds "7"]

1. c4 c5 2. Nc3 Nc6 3. g3 b6 4. Bg2 Bb7 5. e3 e5 6. Nge2 Nf6 7. O-O Rb8 8. d4
cxd4 9. exd4 exd4 10. Nxd4 Nxd4 11. Qxd4 Bxg2 12. Kxg2 Be7 13. Bf4 Ra8 14. Nb5
O-O 15. Nc7 Rc8 16. Nb5 Bc5 17. Qd3 a6 18. Nd6 Rc6 19. Ne4 Nxe4 20. Qxe4 Re8
21. Qd5 Rce6 22. a3 Qa8 23. Rad1 Qc6 24. b4 Bf8 25. Be3 a5 26. c5 1/2-1/2

[Event "40. Offene Stadtmeisterschaft"]
[Site "Bergisch Gladbach"]
[Date "2018.09.21"]
[Round "4.6"]
[White "Rosenauer, Horst"]
[Black "Bosbach, Manfred"]
[Result "1-0"]
[WhiteElo "1850"]
[BlackElo "1705"]
[PlyCount "82"]
[EventRounds "7"]

1. Nf3 b6 2. e4 c5 3. Bc4 e6 4. Nc3 a6 5. a4 Bb7 6. O-O d5 7. exd5 exd5 8. Re1+
Be7 9. Bf1 Nf6 10. d4 O-O 11. Ne5 Nc6 12. Nxc6 Bxc6 13. Be3 Qd7 14. h3 c4 15.
Bg5 b5 16. axb5 axb5 17. Rxa8 Rxa8 18. Qe2 Bd8 19. g3 b4 20. Nd1 Ne4 21. Bxd8
Rxd8 22. Bg2 Re8 23. Kh2 Kf8 24. c3 Qd6 25. Qh5 Nf6 26. Rxe8+ Bxe8 27. Qe5 Qxe5
28. dxe5 bxc3 29. Nxc3 d4 30. exf6 dxc3 31. fxg7+ Kxg7 32. bxc3 Bd7 33. Bd5 Be6
34. Bxe6 fxe6 35. Kg2 Kf6 36. Kf3 Kf5 37. g4+ Kg5 38. Kg3 Kf6 39. Kf4 e5+ 40.
Ke4 Ke6 41. h4 h6 1-0

[Event "40. Offene Stadtmeisterschaft"]
[Site "Bergisch Gladbach"]
[Date "2018.09.21"]
[Round "4.7"]
[White "Henseler, Klaus"]
[Black "Bigott, Martin"]
[Result "1-0"]
[WhiteElo "1811"]
[BlackElo "1674"]
[PlyCount "113"]
[EventRounds "7"]

1. c4 c6 2. g3 d5 3. Bg2 Nf6 4. Nf3 Bf5 5. O-O e6 6. b3 h6 7. d3 a5 8. Bb2 Be7
9. Nbd2 O-O 10. h3 Bh7 11. Kh2 Na6 12. Ne5 Nd7 13. f4 Nac5 14. d4 Na6 15. a3 f5
16. e3 Nc7 17. c5 Ne8 18. Qc2 Nef6 19. Ndf3 Ne4 20. Nxd7 Qxd7 21. Ne5 Qc7 22.
Bf3 Bf6 23. Nd3 Kh8 24. Bxe4 fxe4 25. Nf2 h5 26. a4 Rg8 27. Rg1 g5 28. Bc3 Raf8
29. Qd2 Bd8 30. Raf1 Bf5 31. Qe2 g4 32. h4 Qb8 33. Qd2 Qa7 34. Rb1 Bc7 35. Rb2
Ra8 36. Ra1 Bd8 37. Rg1 Qb8 38. Nh1 b5 39. cxb6 Bxb6 40. b4 Qc7 41. b5 Kh7 42.
Rgb1 c5 43. dxc5 Qxc5 44. Bd4 Qd6 45. Bxb6 Qxb6 46. Rc1 Rgc8 47. Rbc2 Qb7 48.
Rc5 Rxc5 49. Rxc5 Rc8 50. Qc3 Rxc5 51. Qxc5 Qg7 52. Qc1 d4 53. Nf2 e5 54. fxe5
Qxe5 55. b6 dxe3 56. Qxe3 Qb2 57. Kg2 1-0

[Event "40. Offene Stadtmeisterschaft"]
[Site "Bergisch Gladbach"]
[Date "2018.09.21"]
[Round "4.8"]
[White "Gnass, Arno"]
[Black "Behle, Burkhard"]
[Result "1/2-1/2"]
[WhiteElo "1561"]
[BlackElo "1780"]
[PlyCount "63"]
[EventRounds "7"]

1. d4 Nf6 2. c4 g6 3. Nf3 Bg7 4. Nc3 O-O 5. e4 d6 6. g3 Nbd7 7. Bg2 c5 8. d5 a6
9. O-O b5 10. Qe2 bxc4 11. a4 a5 12. Re1 Ba6 13. Bf4 Ng4 14. Qd2 Rb8 15. Bh3
Nge5 16. Nxe5 Nxe5 17. Bxe5 Bxe5 18. Rab1 Rb3 19. Re3 Bd4 20. Rf3 Qb6 21. Kg2
Qb4 22. Qg5 Bf6 23. Qe3 Bxc3 24. bxc3 Qxa4 25. Re1 Bc8 26. e5 Bxh3+ 27. Kxh3
dxe5 28. Qxe5 Qd7+ 29. Kg2 Rb7 30. h4 Rd8 31. Qf4 Qxd5 32. Re5 1/2-1/2

[Event "40. Offene Stadtmeisterschaft"]
[Site "Bergisch Gladbach"]
[Date "2018.09.21"]
[Round "4.9"]
[White "Winckler, Andreas"]
[Black "Hertling, Jürgen"]
[Result "1/2-1/2"]
[WhiteElo "1743"]
[BlackElo "1606"]
[PlyCount "114"]
[EventRounds "7"]

1. d4 Nf6 2. c4 g6 3. Nc3 d5 4. Nf3 Bg7 5. cxd5 Nxd5 6. e4 Nxc3 7. bxc3 c5 8.
Bc4 O-O 9. O-O Bg4 10. Be3 Nc6 11. Bd5 Bxf3 12. gxf3 Rc8 13. Rb1 b6 14. Qa4 Na5
15. dxc5 e6 16. cxb6 exd5 17. Qxa5 axb6 18. Qxd5 Qxd5 19. exd5 Rxc3 20. Rxb6
Rd3 21. d6 Be5 22. Rb7 Rd8 23. a4 Bxd6 24. Ra1 Be5 25. Ra2 Bd4 26. a5 Bxe3 27.
fxe3 Rd1+ 28. Kf2 R1d2+ 29. Rxd2 Rxd2+ 30. Kg3 Ra2 31. Rb5 Kg7 32. h4 h5 33.
Kf4 Ra4+ 34. e4 f6 35. Rb7+ Kh6 36. Rb5 f5 37. Ke5 g5 38. hxg5+ Kxg5 39. exf5
Rf4 40. Ke6 h4 41. a6 Ra4 42. f6+ Kg6 43. Rb6 Ra3 44. Ke7 Rxf3 45. a7 Re3+ 46.
Re6 Ra3 47. f7+ Kg5 48. f8=Q Rxa7+ 49. Kd6 Ra6+ 50. Kc7 Rxe6 51. Qg8+ Rg6 52.
Qd5+ Kf4 53. Qh5 Rg4 54. Kd6 Kg3 55. Qe5+ Kg2 56. Qe2+ Kg3 57. Qe1+ Kh2 1/2-1/2

[Event "40. Offene Stadtmeisterschaft"]
[Site "Bergisch Gladbach"]
[Date "2018.09.21"]
[Round "4.10"]
[White "Paul, Andre David"]
[Black "Stuch, Hans-Ferdinand"]
[Result "1-0"]
[WhiteElo "1680"]
[BlackElo "1556"]
[PlyCount "89"]
[EventRounds "7"]

1. d4 Nf6 2. c4 e6 3. Nc3 Bb4 4. Qc2 O-O 5. a3 Bxc3+ 6. bxc3 d5 7. e3 b6 8. Nf3
Ba6 9. Nd2 dxc4 10. Nxc4 Qd5 11. Qa2 Bxc4 12. Qxc4 Qxc4 13. Bxc4 Nbd7 14. Bb2
c5 15. Rc1 Rac8 16. Ke2 cxd4 17. cxd4 Nb8 18. f3 Rc7 19. Bb3 Rfc8 20. Rxc7 Rxc7
21. g3 Nd5 22. Kd3 Ne7 23. e4 Kf8 24. Rd1 b5 25. Bc3 a6 26. Bb4 Nbc6 27. Bc5
Rd7 28. Kc3 Ke8 29. Rd3 a5 30. f4 b4+ 31. axb4 axb4+ 32. Bxb4 Nxb4 33. Kxb4
Nc6+ 34. Kc5 Na5 35. Ba4 Nb7+ 36. Kb6 Nd6 37. Bxd7+ Kxd7 38. e5 Nc8+ 39. Kc5
Ne7 40. g4 Nd5 41. Rf3 g6 42. f5 gxf5 43. gxf5 Ne7 44. fxe6+ fxe6 45. Rh3 1-0

[Event "40. Offene Stadtmeisterschaft"]
[Site "Bergisch Gladbach"]
[Date "2018.09.21"]
[Round "4.11"]
[White "Selbach, Johannes"]
[Black "Sinner, Joselyne"]
[Result "1/2-1/2"]
[WhiteElo "1518"]
[BlackElo "1343"]
[PlyCount "40"]
[EventRounds "7"]

1. d4 d5 2. c4 e6 3. e3 Nf6 4. Nf3 c5 5. dxc5 Bxc5 6. Nc3 O-O 7. cxd5 exd5 8.
Be2 Nc6 9. O-O b6 10. a3 Bb7 11. b4 Bd6 12. Bb2 Rc8 13. Qb3 Qc7 14. Nb5 Qd8 15.
Nxd6 Qxd6 16. Rfd1 Rfd8 17. h3 Ne4 18. Rac1 Qe6 19. Nh4 Nf6 20. Nf3 Qd6 1/2-1/2

[Event "40. Offene Stadtmeisterschaft"]
[Site "Bergisch Gladbach"]
[Date "2018.09.21"]
[Round "4.12"]
[White "Rohleder, Traugott"]
[Black "Müller, Horst"]
[Result "1-0"]
[WhiteElo "1716"]
[BlackElo "1412"]
[PlyCount "85"]
[EventRounds "7"]

1. c4 c5 2. Nc3 Nf6 3. g3 d5 4. cxd5 Nxd5 5. Bg2 Nc7 6. Nf3 Nc6 7. d3 e6 8. O-O
Be7 9. Bd2 Rb8 10. Rc1 Bd7 11. Ne4 b6 12. Bc3 O-O 13. b3 Nd5 14. Be5 Nxe5 15.
Nxe5 Bb5 16. a4 Ba6 17. Nc6 Qc7 18. Nxb8 Qxb8 19. Qd2 Re8 20. Ng5 Qe5 21. Nf3
Qd6 22. Ng5 Qe5 23. Ne4 h6 24. Nc3 Bg5 25. f4 Qd4+ 26. Kh1 Be7 27. Nxd5 exd5
28. e3 Qxd3 29. Qxd3 Bxd3 30. Rfd1 c4 31. bxc4 dxc4 32. Bf3 Kf8 33. Kg2 a6 34.
Bb7 a5 35. Kf2 g5 36. Ba6 gxf4 37. gxf4 Bh4+ 38. Kf3 Bf5 39. Bxc4 Be4+ 40. Ke2
Rc8 41. Bb5 Rc2+ 42. Rxc2 Bxc2 43. Rd6 1-0

[Event "40. Offene Stadtmeisterschaft"]
[Site "Bergisch Gladbach"]
[Date "2018.09.21"]
[Round "4.13"]
[White "Nölle, Michael"]
[Black "Bosbach, Volker"]
[Result "1-0"]
[WhiteElo "1385"]
[BlackElo "1644"]
[PlyCount "27"]
[EventRounds "7"]

1. c4 Nf6 2. Nc3 e6 3. d4 d5 4. e3 c6 5. Nf3 Nbd7 6. Bd3 Bd6 7. e4 dxe4 8. Nxe4
Nxe4 9. Bxe4 Nf6 10. Bg5 Bb4+ 11. Nd2 Qxd4 12. O-O Nxe4 13. Nxe4 Qxe4 14. Qd8#
1-0

[Event "40. Offene Stadtmeisterschaft"]
[Site "Bergisch Gladbach"]
[Date "2018.09.21"]
[Round "4.14"]
[White "Hoferichter, Michael"]
[Black "Nichte, Philipp"]
[Result "0-1"]
[WhiteElo "1372"]
[BlackElo "1602"]
[PlyCount "100"]
[EventRounds "7"]

1. Nf3 Nf6 2. c4 c5 3. g3 d5 4. cxd5 Nxd5 5. Bg2 Nc6 6. b3 e5 7. d3 Be7 8. Bb2
f6 9. O-O O-O 10. Nc3 Nc7 11. Rc1 Rb8 12. Na4 Ne6 13. Nc3 Qd7 14. Re1 Rd8 15.
Ba3 b6 16. Nh4 Bb7 17. Nf5 Ng5 18. Bd5+ Kh8 19. e4 g6 20. Nxe7 Nxe7 21. Bxb7
Rxb7 22. Re3 Kg7 23. Qf1 Ne6 24. Rd1 h5 25. h4 Nd4 26. f4 Nc2 27. Rf3 exf4 28.
Bc1 Qd4+ 29. Kh1 Qxc3 30. Bxf4 Nd4 31. Bd2 Qb2 32. Rxf6 Ng8 33. Qf2 Qc2 34. Rf1
Nxf6 35. Qxf6+ Kh7 36. Qxd8 Qxd2 37. Rf8 Qd1+ 38. Kg2 Qe2+ 39. Rf2 Qxd3 40. Qd5
Rg7 41. Rf7 Qc3 42. Rxg7+ Kxg7 43. Qe5+ Kf7 44. Qd5+ Ne6 45. Qd7+ Kf6 46. Qxa7
b5 47. Qa8 Qc2+ 48. Kh3 Qb1 49. Qh8+ Kf7 50. e5 Qh1# 0-1

[Event "40. Offene Stadtmeisterschaft"]
[Site "Bergisch Gladbach"]
[Date "2018.09.21"]
[Round "4.16"]
[White "Shelukie, Magd"]
[Black "Suzuki, Juliano"]
[Result "1-0"]
[WhiteElo "1511"]
[BlackElo "1277"]
[PlyCount "79"]
[EventRounds "7"]

1. e4 c6 2. d4 d5 3. Nc3 dxe4 4. Nxe4 Nd7 5. Bd3 Ngf6 6. Ng3 e6 7. Bg5 Qb6 8.
Nf3 Qxb2 9. O-O Be7 10. Qd2 Qb6 11. Rab1 Qd8 12. c4 O-O 13. c5 b6 14. Ne4 b5
15. Qf4 Nd5 16. Qh4 Bxg5 17. Nfxg5 h6 18. f4 f5 19. Qh3 hxg5 20. Nxg5 N7f6 21.
g4 Qc7 22. gxf5 Nxf4 23. Qg3 Ne2+ 24. Bxe2 Qxg3+ 25. hxg3 exf5 26. Bf3 Bd7 27.
Rfe1 Rae8 28. Re5 Nh7 29. Nxh7 Kxh7 30. Rbe1 Kg6 31. d5 Rxe5 32. Rxe5 Kf6 33.
Re3 cxd5 34. Bxd5 Rc8 35. Rc3 Ke5 36. Bb7 Rc7 37. c6 Bc8 38. Rc5+ Kd6 39. Rxb5
Bxb7 40. cxb7 1-0

[Event "40. Offene Stadtmeisterschaft"]
[Site "Bergisch Gladbach"]
[Date "2018.09.21"]
[Round "4.17"]
[White "Johann, Hans Werner"]
[Black "Roder, Stephan"]
[Result "0-1"]
[WhiteElo "1276"]
[BlackElo "1460"]
[PlyCount "150"]
[EventRounds "7"]

1. d4 Nf6 2. e3 g6 3. b3 Bg7 4. Bb2 d5 5. Nf3 O-O 6. Bd3 Nc6 7. a3 Re8 8. O-O
a6 9. Nbd2 b5 10. b4 Bg4 11. h3 Bd7 12. Ne5 Nb8 13. f3 Nh5 14. Qe1 Bf6 15. Ng4
Bxg4 16. fxg4 Ng7 17. Nf3 e6 18. e4 Nd7 19. e5 Be7 20. Bc1 Rf8 21. Bf4 c6 22.
Qd2 a5 23. c3 axb4 24. cxb4 Ra7 25. Bg5 Nb6 26. Bxe7 Qxe7 27. Rfc1 Qd7 28. Qc2
Nc4 29. Bxc4 dxc4 30. Qc3 Ra4 31. Nd2 Rd8 32. Nf3 h5 33. Kf2 Rda8 34. Rc2 Qe7
35. Rca2 Qf8 36. Kg3 Ne8 37. g5 Nc7 38. Qb2 Nd5 39. Ne1 Qd8 40. h4 Qc7 41. Nc2
f6 42. gxf6 Nxf6 43. Kf3 Nd5 44. Ne3 Qf7+ 45. Ke2 Nf4+ 46. Kd1 Nd3 47. Qe2 Qd7
48. Nc2 Rf8 49. Qe3 Rf5 50. Ne1 Nxe5 51. Kc2 Ng4 52. Qg1 Qd5 53. Kc3 Nf6 54.
Nf3 Ne4+ 55. Kc2 Ra7 56. a4 Nd6 57. Kc3 bxa4 58. Rxa4 Nb5+ 59. Kd2 Rd7 60. Ra8+
Kg7 61. Re1 c5 62. Rc8 cxb4 63. Kc1 c3 64. Rc5 Qb7 65. Rxe6 Rxc5 66. dxc5 Qc7
67. Ne5 Qa7 68. Rxg6+ Kh8 69. Rh6+ Kg8 70. Rg6+ Rg7 71. Rxg7+ Kxg7 72. Kc2 Qa2+
73. Kd3 Qd5+ 74. Kc2 b3+ 75. Kc1 Qd2+ 0-1

[Event "40. Offene Stadtmeisterschaft"]
[Site "Bergisch Gladbach"]
[Date "2018.09.21"]
[Round "4.18"]
[White "Ramien, Hannah"]
[Black "Bernecker, Jan Magnus"]
[Result "1-0"]
[WhiteElo "1455"]
[BlackElo "1324"]
[PlyCount "83"]
[EventRounds "7"]

1. e4 e5 2. Nf3 Nc6 3. Bc4 Bc5 4. c3 Nf6 5. d3 h6 6. Nbd2 d6 7. h3 Bd7 8. Nf1
a6 9. Bb3 b5 10. Ng3 Rb8 11. a3 Na5 12. Ba2 Ba7 13. Nh4 c5 14. Nhf5 Bxf5 15.
Nxf5 O-O 16. Qf3 c4 17. Nxh6+ Kh8 18. Nf5 Nh7 19. Qg3 Rg8 20. h4 g6 21. Nh6 Rg7
22. Qf3 Qf8 23. Ng4 f5 24. exf5 Qxf5 25. dxc4 Qxf3 26. gxf3 bxc4 27. Ke2 Nb3
28. Bxb3 cxb3 29. Rd1 Bc5 30. Be3 Bxe3 31. fxe3 Rb6 32. e4 a5 33. Ne3 Rd7 34.
Nc4 Ra6 35. a4 Nf6 36. Ra3 Kh7 37. Rxb3 d5 38. exd5 Rxd5 39. Rxd5 Nxd5 40. Rb5
Nf4+ 41. Kf1 Re6 42. Rxe5 1-0

[Event "40. Offene Stadtmeisterschaft"]
[Site "Bergisch Gladbach"]
[Date "2018.09.21"]
[Round "4.19"]
[White "Breuer, Achim"]
[Black "Nölle, Nathalie"]
[Result "1/2-1/2"]
[WhiteElo "1437"]
[BlackElo "1061"]
[PlyCount "23"]
[EventRounds "7"]

1. d4 d6 2. c4 Nf6 3. Nc3 Nbd7 4. e4 e5 5. f4 Be7 6. Nf3 exd4 7. Nxd4 c6 8. Nf5
Qc7 9. Nxg7+ Kf8 10. Nf5 Ne8 11. Be2 Ndf6 12. O-O 1/2-1/2

[Event "40. Offene Stadtmeisterschaft"]
[Site "Bergisch Gladbach"]
[Date "2018.09.21"]
[Round "4.20"]
[White "Nölle, Lisa"]
[Black "Zok, David"]
[Result "1/2-1/2"]
[WhiteElo "1177"]
[BlackElo "1354"]
[PlyCount "45"]
[EventRounds "7"]

1. d4 e6 2. Bf4 d5 3. e3 c5 4. c3 a6 5. Nd2 Nc6 6. Ngf3 Nf6 7. Bd3 c4 8. Bc2 h6
9. Ne5 Nxe5 10. dxe5 Nd7 11. Qh5 Nc5 12. O-O Bd7 13. Bg3 Qg5 14. Qe2 Qd8 15. f4
a5 16. Qh5 Nd3 17. Qe2 Qb6 18. Nf3 Bc5 19. Nd4 O-O-O 20. Bxd3 cxd3 21. Qxd3
Bxd4 22. Qxd4 Qxb2 23. Qc5+ 1/2-1/2

[Event "40. Offene Stadtmeisterschaft"]
[Site "Bergisch Gladbach"]
[Date "2018.09.21"]
[Round "4.21"]
[White "Fey, Helmut"]
[Black "Blüggel, Theodor"]
[Result "1-0"]
[WhiteElo "1352"]
[BlackElo "941"]
[PlyCount "47"]
[EventRounds "7"]

1. e4 e5 2. Nf3 Nf6 3. Nxe5 d6 4. Nf3 Nxe4 5. d3 Nf6 6. Be2 Be7 7. O-O O-O 8.
h3 b6 9. Nc3 Bb7 10. Bf4 Nbd7 11. Nd4 h6 12. Nf5 Nh7 13. Nxe7+ Qxe7 14. Bf3
Rab8 15. Bxb7 Rxb7 16. Qf3 Rbb8 17. Rfe1 Qd8 18. Re3 Ndf6 19. Rae1 Ng5 20. Bxg5
hxg5 21. Ne4 Nxe4 22. Rxe4 f6 23. Re7 g6 24. Qe4 1-0

[Event "40. Offene Stadtmeisterschaft"]
[Site "Bergisch Gladbach"]
[Date "2018.09.28"]
[Round "5.1"]
[White "Eilers, Jochen"]
[Black "Kuhn, Andreas"]
[Result "1/2-1/2"]
[WhiteElo "1950"]
[BlackElo "1921"]
[PlyCount "65"]
[EventRounds "7"]

1. g3 d5 2. Nf3 Nf6 3. c4 c6 4. Bg2 dxc4 5. Na3 b5 6. O-O Bf5 7. b3 cxb3 8.
Qxb3 e6 9. Bb2 Be7 10. Rac1 O-O 11. Ne5 a6 12. d3 Qa5 13. Bxc6 Nxc6 14. Nxc6
Qc7 15. Be5 Qd7 16. Nxe7+ Qxe7 17. Rc7 Qd8 18. Rfc1 Ng4 19. Qb2 Nxe5 20. Qxe5
f6 21. Qc5 Rf7 22. Rxf7 Kxf7 23. Qc6 Ra7 24. Nb1 e5 25. Nd2 Be6 26. a3 Bd5 27.
Qc5 Qd7 28. Nf1 Be6 29. Ne3 Ra8 30. Qb6 Rc8 31. Rxc8 Qxc8 32. Qd6 Qb7 33. d4
1/2-1/2

[Event "40. Offene Stadtmeisterschaft"]
[Site "Bergisch Gladbach"]
[Date "2018.09.28"]
[Round "5.2"]
[White "Ljuboschitz, Alexander"]
[Black "Harringer, Manfred"]
[Result "1/2-1/2"]
[WhiteElo "1975"]
[BlackElo "2063"]
[PlyCount "73"]
[EventRounds "7"]

1. e4 e5 2. Nf3 Nc6 3. Nc3 Nf6 4. Bb5 Bd6 5. a3 O-O 6. O-O Nd4 7. Bc4 c6 8. d3
Bc7 9. Bg5 Ne6 10. Bh4 Nf4 11. d4 d6 12. dxe5 dxe5 13. Qxd8 Rxd8 14. Bxf6 gxf6
15. h3 Be6 16. Bxe6 fxe6 17. Rfd1 Kf7 18. Kf1 Ke7 19. h4 Ng6 20. g3 Nf8 21. Ke2
Bb6 22. Na4 Nd7 23. Nxb6 Nxb6 24. b3 c5 25. Rxd8 Rxd8 26. Rd1 Rxd1 27. Kxd1 c4
28. Kd2 cxb3 29. cxb3 Nd7 30. Kc3 f5 31. Nd2 Nf6 32. f3 Nh5 33. g4 Nf4 34. exf5
exf5 35. gxf5 Ng2 36. Kd3 Nxh4 37. Ke4 1/2-1/2

[Event "40. Offene Stadtmeisterschaft"]
[Site "Bergisch Gladbach"]
[Date "2018.09.28"]
[Round "5.3"]
[White "Rosenauer, Horst"]
[Black "Shelukie, Magd"]
[Result "1-0"]
[WhiteElo "1850"]
[BlackElo "1511"]
[PlyCount "69"]
[EventRounds "7"]

1. e4 d5 2. exd5 Nf6 3. d4 Nxd5 4. c4 Nf6 5. Nc3 e5 6. Be3 exd4 7. Qxd4 Bd7 8.
O-O-O Nc6 9. Qd2 Bb4 10. Bg5 Be6 11. Qe1 Qe7 12. Nf3 O-O 13. Bd3 Rad8 14. h4
Bxc3 15. Qxc3 Nb4 16. Bb1 Qc5 17. a3 Nc6 18. Bxf6 gxf6 19. Qxf6 Bxc4 20. Qg5+
Qxg5+ 21. hxg5 Rxd1+ 22. Kxd1 Rd8+ 23. Kc1 Bd3 24. Ba2 Kg7 25. b4 b5 26. Rh4 a5
27. Rf4 Rd7 28. Rf6 Be4 29. bxa5 Nxa5 30. Ne5 Re7 31. Nxf7 Bxg2 32. Nh6 Re1+
33. Kd2 Ra1 34. Nf5+ Kh8 35. Rf8# 1-0

[Event "40. Offene Stadtmeisterschaft"]
[Site "Bergisch Gladbach"]
[Date "2018.09.28"]
[Round "5.4"]
[White "Thelen, Harm-Wulf"]
[Black "Henseler, Klaus"]
[Result "1/2-1/2"]
[WhiteElo "1916"]
[BlackElo "1811"]
[PlyCount "105"]
[EventRounds "7"]

1. c4 e5 2. Nc3 Nf6 3. g3 d5 4. cxd5 Nxd5 5. Bg2 Nb6 6. Nf3 Nc6 7. d3 Be7 8.
O-O O-O 9. Bd2 Be6 10. h3 Qd7 11. Kh2 Rad8 12. Ng5 Bxg5 13. Bxg5 f6 14. Be3 Nd5
15. Bc5 Rfe8 16. Ne4 b6 17. Ba3 Nd4 18. Rc1 c5 19. b3 Kh8 20. Qd2 Nb5 21. Bb2
Ne7 22. f4 f5 23. Nc3 Nxc3 24. Bxc3 exf4 25. gxf4 Nc6 26. Qe1 Kg8 27. Qg3 Nd4
28. Rf2 Qf7 29. Rd1 Bd5 30. e3 Nc6 31. Re2 Bxg2 32. Rxg2 g6 33. h4 Re6 34. Qf3
Ne7 35. h5 Kf8 36. Be5 Nd5 37. d4 Nf6 38. dxc5 Rxd1 39. Qxd1 Ng4+ 40. Rxg4 fxg4
41. Qd8+ Qe8 42. Bd6+ Kg8 43. Qxe8+ Rxe8 44. cxb6 axb6 45. hxg6 hxg6 46. Be5 b5
47. Kg3 Ra8 48. Kxg4 Rxa2 49. b4 Kf7 50. Kf3 Ke6 51. Bd4 Kd5 52. Bc5 Ra3 53.
Kg4 1/2-1/2

[Event "40. Offene Stadtmeisterschaft"]
[Site "Bergisch Gladbach"]
[Date "2018.09.28"]
[Round "5.5"]
[White "Themm, Rainer"]
[Black "König, Linus"]
[Result "1/2-1/2"]
[WhiteElo "1873"]
[BlackElo "1629"]
[PlyCount "87"]
[EventRounds "7"]

1. c4 Nf6 2. Nc3 e6 3. Nf3 b6 4. g3 Bb7 5. Bg2 Be7 6. O-O O-O 7. Qc2 d5 8. cxd5
Nxd5 9. a3 a6 10. e4 Nf6 11. Rd1 c5 12. d4 Nbd7 13. d5 exd5 14. exd5 Qc7 15.
Ng5 Bd6 16. Nce4 Nxe4 17. Nxe4 h6 18. Nxd6 Qxd6 19. Bf4 Qg6 20. Qd2 Rac8 21.
Re1 Rfd8 22. Re7 Ba8 23. Rae1 Nf6 24. Bc7 Rd7 25. Rxd7 Nxd7 26. Qf4 Qd3 27. Be4
Qd4 28. Qf5 Rxc7 29. Qh7+ Kf8 30. Qh8+ Ke7 31. Qxa8 Qxb2 32. Bg2+ Kd6 33. Qxa6
c4 34. Qa4 Qb3 35. Qa8 Qc3 36. Qe8 Qf6 37. Qe4 Rc5 38. Rc1 c3 39. Qb4 Qe5 40.
a4 Qe2 41. Qf4+ Ne5 42. Qb4 Nd7 43. Qf4+ Ne5 44. Qb4 1/2-1/2

[Event "40. Offene Stadtmeisterschaft"]
[Site "Bergisch Gladbach"]
[Date "2018.09.28"]
[Round "5.6"]
[White "Gutt, Oswald"]
[Black "Gnass, Arno"]
[Result "1-0"]
[WhiteElo "1871"]
[BlackElo "1561"]
[PlyCount "109"]
[EventRounds "7"]

1. d4 Nf6 2. c4 g6 3. Nc3 d5 4. cxd5 Nxd5 5. e4 Nxc3 6. bxc3 Bg7 7. Nf3 c5 8.
Be3 Qa5 9. Qd2 Nc6 10. Rc1 Bg4 11. d5 Rd8 12. c4 b6 13. Qxa5 Nxa5 14. Nd2 O-O
15. h3 Bc8 16. f4 e6 17. Be2 Nb7 18. O-O f5 19. e5 g5 20. d6 Na5 21. Bf3 Bd7
22. Nb3 Nc6 23. g3 Kh8 24. Kh2 Rg8 25. Rg1 a5 26. a3 Bh6 27. Rce1 a4 28. Nd2
Nd4 29. Bd1 Bc6 30. Ref1 b5 31. cxb5 Bxb5 32. Rf2 gxf4 33. Bxf4 Bxf4 34. Rxf4
Nc6 35. Re1 Rg7 36. Re3 Rdg8 37. Nb1 Nd4 38. Nc3 Ra8 39. Nxb5 Nxb5 40. Rxa4
Rag8 41. Rf4 Nd4 42. Bb3 Rb7 43. Bc4 Rb2+ 44. Kh1 Rc2 45. Bb3 Rc1+ 46. Kg2 Rb8
47. Ba4 Rbb1 48. g4 Rg1+ 49. Kh2 Rh1+ 50. Kg3 fxg4 51. Kxg4 Rhg1+ 52. Kh5 Nf5
53. Rxf5 exf5 54. d7 Rbd1 55. e6 1-0

[Event "40. Offene Stadtmeisterschaft"]
[Site "Bergisch Gladbach"]
[Date "2018.09.28"]
[Round "5.7"]
[White "Behle, Burkhard"]
[Black "Türkkan, Nuh"]
[Result "1-0"]
[WhiteElo "1780"]
[BlackElo "1802"]
[PlyCount "79"]
[EventRounds "7"]

1. c4 Nf6 2. Nc3 e6 3. d4 Bb4 4. e3 O-O 5. Bd3 c5 6. a3 Bxc3+ 7. bxc3 d5 8. Ne2
Nbd7 9. cxd5 Nxd5 10. e4 Nc7 11. O-O b5 12. Bf4 c4 13. Bc2 Bb7 14. Ng3 Ne8 15.
Qd2 h6 16. Rfb1 a6 17. a4 g5 18. Be3 Nc7 19. e5 f5 20. exf6 Nxf6 21. axb5 Qd5
22. f3 axb5 23. Rxa8 Rxa8 24. Ne4 Nce8 25. Nc5 Bc6 26. Re1 Nd7 27. Be4 Qd6 28.
Bxc6 Qxc6 29. Nxd7 Qxd7 30. h4 gxh4 31. Bxh6 Ng7 32. Qg5 Kh7 33. Bxg7 Qxg7 34.
Qxh4+ Kg8 35. Qe4 Ra6 36. Kf1 Kh8 37. Qe5 b4 38. cxb4 Rc6 39. Qh5+ Qh7 40. Qe8+
1-0

[Event "40. Offene Stadtmeisterschaft"]
[Site "Bergisch Gladbach"]
[Date "2018.09.28"]
[Round "5.8"]
[White "Hertling, Jürgen"]
[Black "Paul, Andre David"]
[Result "0-1"]
[WhiteElo "1606"]
[BlackElo "1680"]
[PlyCount "82"]
[EventRounds "7"]

1. d4 d5 2. c4 e6 3. Nc3 Nf6 4. Nf3 c6 5. Bg5 Be7 6. e3 Nbd7 7. Bd3 h6 8. Bh4
dxc4 9. Bxc4 Nb6 10. Bd3 Nbd5 11. O-O Qa5 12. Nxd5 exd5 13. Qb3 Qc7 14. Rac1
Qd8 15. Ne5 Nd7 16. Bg3 Qb6 17. Qc2 O-O 18. f4 Nxe5 19. fxe5 Bd7 20. Rf3 Bg4
21. Rf4 Be6 22. Rcf1 Bg5 23. R4f3 Bg4 24. Bh7+ Kh8 25. Rxf7 Rxf7 26. Rxf7 Bh5
27. Bg6 Bxe3+ 28. Kh1 Bxg6 29. Qxg6 Rg8 30. Qd3 Bxd4 31. Bf4 Qxb2 32. Bxh6 Bxe5
33. Bxg7+ Rxg7 34. Rf8+ Rg8 35. Rxg8+ Kxg8 36. Qg6+ Kf8 37. Qf5+ Ke7 38. Qh7+
Kd6 39. Qh6+ Kc5 40. Qe3+ Qd4 41. Qc1+ Qc3 0-1

[Event "40. Offene Stadtmeisterschaft"]
[Site "Bergisch Gladbach"]
[Date "2018.09.28"]
[Round "5.9"]
[White "Roder, Stephan"]
[Black "Winckler, Andreas"]
[Result "0-1"]
[WhiteElo "1460"]
[BlackElo "1743"]
[PlyCount "78"]
[EventRounds "7"]

1. Nf3 d5 2. d4 g6 3. Bf4 Bg7 4. h3 Nf6 5. e3 O-O 6. Bd3 c5 7. c3 Nbd7 8. Nbd2
Re8 9. O-O Nh5 10. Bh2 f5 11. Qc2 e6 12. Bb5 c4 13. Bxd7 Bxd7 14. Ne5 Nf6 15.
f4 Ne4 16. Ndf3 b5 17. a3 a5 18. Rfb1 Qc7 19. Qe2 Rab8 20. Qe1 Bxe5 21. Nxe5
Re7 22. Bg3 Nxg3 23. Qxg3 b4 24. axb4 axb4 25. cxb4 Rxb4 26. Ra8+ Kg7 27. Rba1
Be8 28. Qg5 Rxb2 29. R1a5 Rb5 30. Rxe8 Rb1+ 31. Kh2 Rxe8 32. Rc5 Qe7 33. Qg3
Qb7 34. Qg5 Qe7 35. Qg3 Qf8 36. h4 Rb7 37. h5 Qf6 38. Kg1 Rd8 39. hxg6 hxg6 0-1

[Event "40. Offene Stadtmeisterschaft"]
[Site "Bergisch Gladbach"]
[Date "2018.09.28"]
[Round "5.10"]
[White "Sinner, Joselyne"]
[Black "Rohleder, Traugott"]
[Result "1/2-1/2"]
[WhiteElo "1343"]
[BlackElo "1716"]
[PlyCount "93"]
[EventRounds "7"]

1. e4 d6 2. d4 Nf6 3. Nc3 g6 4. Nf3 Bg7 5. Bc4 O-O 6. h3 c6 7. Bb3 b6 8. O-O
Bb7 9. Bf4 Na6 10. Qd2 b5 11. a3 c5 12. e5 Nh5 13. exd6 Bxf3 14. gxf3 Nxf4 15.
Qxf4 exd6 16. Nxb5 cxd4 17. Nxd6 Qc7 18. Qg3 Nc5 19. Ba2 Rad8 20. Nc4 Qb7 21.
Rab1 h6 22. b4 Na4 23. Bb3 Nc3 24. Rbe1 d3 25. Nd6 Qc6 26. Nxf7 Rxf7 27. Bxf7+
Kxf7 28. cxd3 Rxd3 29. Qf4+ Kg8 30. Re3 Rxe3 31. Qxe3 Qd7 32. Kg2 Qa4 33. Qc1
Qb5 34. Re1 Kh7 35. Re7 Ne2 36. Qc5 Nd4 37. Kg3 Ne2+ 38. Kg2 Nf4+ 39. Kg3 Qb8
40. Qc7 Nh5+ 41. Kh2 Qa8 42. Kg2 a6 43. Qb7 Qd8 44. Qd7 Qa8 45. Re8 Nf4+ 46.
Kg3 Nh5+ 47. Kg2 1/2-1/2